000
00337nam a2200145Ia 4500
008
191201s2011 xx 000 0 und d
082
_a
658.45ARB
100
_a
ARORA,Vikas
245
0
_a
Business Communication
250
_a
Rev
260
_a
N. delhi
_b
Global vision pub
_c
2011
300
_a
296
650
_a
BBA
942
_2
ddc
_c
BK
_0
13
999
_c
4928
_d
4928